Joueurs portugais ayant joué au Paris Saint-Germain - Statistiques

Statistiques générales
  • Ce quiz a été pris 59 fois
  • Le résultat moyen est 7 sur 18
Statistiques - réponses
Année d'arrivée Année de départ Club précédant Club suivant Nombre de match Joueurs % Correct
2024 En cours SL Benfica En cours 96 João Neves
100%
2022 En cours FC Porto En cours 202 Vitinha
98%
2021 En cours Sporting CP En cours 176 Nuno Mendes
96%
2023 En cours SL Benfica En cours 130 Gonçalo Ramos
92%
2003 2008 FC Girondins de Bordeaux Pause en carrière 211 Pauleta
84%
2017 2017 SL Benfica FC Valence 13 Gonçalo Guedes
76%
2020 2024 FC Porto Al-Ittihad Club 157 Danilo Pereira
71%
2022 En cours LOSC Lille En cours 27 Renato Sanches
69%
2001 2004 Atlético de Madrid FC Porto 75 Hugo Leal
18%
1996 1997 SL Benfica FC Porto 39 Daniel Kenedy
4%
2001 2002 Málaga CF Málaga CF 10 Agostinho
2%
1970 1971 SL Benfica Fin de carrière 27 Fernando Cruz
2%
2002 2005 Istres FC Académica Coimbra 25 Filipe Teixeira
2%
1999 1999 Boavista FC Rayo Vallecano 7 Hélder Baptista
2%
2004 2005 SL Benfica AEL Larissa 22 Hélder Cristóvão
2%
1975 1977 SL Benfica SL Benfica 48 Humberto Coelho
2%
1979 1980 SL Benfica SL Benfica 22 João Alves
2%
2023 2025 Paris Saint-Germain B Calcio Padova 0 Louis Mouquet
2%
Aucun quiz correspondant
Distribution des résultats
% des personnes avec chaque résultat
Percentile par nombre de réponses
Votre historique - résultats
Vous n’avez pas pris ce quiz